Small scale industries : (Record no. 5220)
[ view plain ]
| 000 -LEADER | |
|---|---|
| fixed length control field | 00852nam a22001455a 4500 |
| 020 ## - INTERNATIONAL STANDARD BOOK NUMBER | |
| ISBN | 8186383395 |
| 050 ## - CALL NUMBER | |
| Classification number | HD2346 |
| 100 1# - AUTHOR | |
| Personal name | Mukherjee, Nilmony, |
| 245 10 - TITLE | |
| Title | Small scale industries : |
| Remainder of title | problems and prospects in West Bengal, with special reference to Darjeeling District (1951-'85) / |
| Statement of responsibility, etc | Nilmony Mukherjee. |
| 260 ## - PUBLICATION INFORMATION | |
| Place of publication | Calcutta : |
| Name of publisher | Progressive Publishers, |
| Year of publication | 1997. |
| 300 ## - DESCRIPTION | |
| Number of Pages | 212 p. ; |
| Dimensions | 22 cm. |
| Other physical details | Online version: Mukherjee, Nilmony, 1938- Small scale industries. Calcutta : Progressive Publishers, 1997 (OCoLC)647400650 |
| 505 ## - FORMATTED CONTENTS NOTE | |
| Table of Content | 1. Introduction<br/>2. Definition and classification<br/>3. Role of small scale industries and their growth<br/>4. Selected problems of small scale industries<br/>5. Financial problems of small scale<br/>6. Government policies and guidlines |
| 650 ## - SUBJECTS | |
| Topical Term | Small business -- India -- West Bengal. . |
| General subdivision | Small business |
| 942 ## - ADDED ENTRY ELEMENTS (KOHA) | |
| Koha item type | Books |
| Withdrawn status | Lost status | Collection code | Home library | Current library | Shelving location | Date acquired | Full call number | Accession Number | Koha item type |
|---|---|---|---|---|---|---|---|---|---|
| Reference | Methodist University Library Main | Methodist University Library Main | General Stacks | 17/06/2019 | HD2346 | 18763 | Books | ||
| Non-fiction | Methodist University Library Main | Methodist University Library Main | General Stacks | 17/06/2019 | HD2346 | 18873 | Books |